Catálogo público

Modelos alométricos para estimar la biomasa aérea de opuntia ficus-indica (Cactaceae) / (Record no. 219147)

MARC details
000 -CABECERA
campo de control de longitud fija 01053nam a22002537a 4500
003 - IDENTIFICADOR DEL NÚMERO DE CONTROL
campo de control OSt
005 - FECHA Y HORA DE LA ÚLTIMA TRANSACCIÓN
campo de control 20230913094654.0
008 - DATOS DE LONGITUD FIJA--INFORMACIÓN GENERAL
campo de control de longitud fija 230913s2019 mx a|||frm||| 001 0 spa d
040 ## - FUENTE DE LA CATALOGACIÓN
Centro catalogador/agencia de origen CHAP
090 ## - LOCALMENTE ASIGNADO TIPO-LC NÚMERO DE CLASIFICACIÓN (OCLC); NÚMERO DE CLASIFICACIÓN LOCAL (RLIN)
Número de clasificación (OCLC) (R) ; Numero de clasificación, CALL (RLIN) (NR) Tesis
100 1# - ENTRADA PRINCIPAL--NOMBRE DE PERSONA
9 (RLIN) 187937
Nombre de persona Velazquez Serrano, Cynthia Berenice
245 ## - MENCIÓN DE TÍTULO
Título Modelos alométricos para estimar la biomasa aérea de opuntia ficus-indica (Cactaceae) /
Mención de responsabilidad, etc. por Cynthia Berenice Velázquez Serrano ; director de tesis Juan Antonio Reyes Agüero.
264 ## - PRODUCCIÓN, PUBLICACIÓN, DISTRIBUCIÓN, FABRICACIÓN Y COPYRIGHT
Producción, publicación, distribución, fabricación y copyright San Luis Potosí :
Nombre del de productor, editor, distribuidor, fabricante El autor,
Fecha de producción, publicación, distribución, fabricación o copyright 2019.
300 ## - DESCRIPCIÓN FÍSICA
Extensión 51 hojas.
Otras características físicas cuadros, figuras.
336 ## - TIPO DE CONTENIDO
Término de tipo de contenido texto
Fuente rdacontenido
337 ## - TIPO DE MEDIO
Nombre/término del tipo de medio sinmedio
Fuente rdamedia
338 ## - TIPO DE SOPORTE
Nombre/término del tipo de soporte volumen
Fuente rdacarrier
502 ## - NOTA DE TESIS
Nota de tesis Tesis (Ingeniera Ambienta) .--Universidad Autónoma San Luis Potosí.Facultad de Ingeniería.
504 ## - NOTA DE BIBLIOGRAFÍA, ETC.
Nota de bibliografía, etc. Incluye referencias bibliográficas : páginas 45-51.
650 #7 - PUNTO DE ACCESO ADICIONAL DE MATERIA--TÉRMINO DE MATERIA
9 (RLIN) 187938
Término de materia o nombre geográfico como elemento de entrada Opuntia ficus indica
Subdivisión general Fisiología y morfología
650 #2 - PUNTO DE ACCESO ADICIONAL DE MATERIA--TÉRMINO DE MATERIA
9 (RLIN) 132073
Término de materia o nombre geográfico como elemento de entrada Biomasa
Subdivisión general Medición
700 0# - PUNTO DE ACCESO ADICIONAL--NOMBRE DE PERSONA
9 (RLIN) 96735
Nombre de persona Reyes Agüero, Juan Antonio
Término indicativo de función/relación Director de tesis.
942 ## - ELEMENTOS DE PUNTO DE ACCESO ADICIONAL (KOHA)
Fuente del sistema de clasificación o colocación local
Tipo de ítem Koha Tesis
Holdings
Estado de retiro Estado de pérdida Fuente del sistema de clasificación o colocación Estado dañado Restricciones de uso No para préstamo Código de colección Localización permanente Ubicación/localización actual Ubicación en estantería Fecha de adquisición Total de préstamos Signatura topográfica completa Código de barras Fecha visto por última vez Precio válido a partir de Tipo de ítem Koha
    Clasificación Universidad Autónoma de Chapingo   Préstamo interno   Tesis Biblioteca Central Biblioteca Central Planta alta - Área de Tesis - Tesis 13/09/2023   Tesis 33724002565371 13/09/2023 13/09/2023 Tesis